NEDEN BU KADAR YETENEKSİZ ERKEK LİDER OLUYOR (Record no. 1070942)

MARC details
000 -LEADER
sabit uzunluktaki kontrol alanı 00273nam a2200097Ia 4500
001 - KONTROL NUMARASI
kontrol alanı 1070942
005 - EN SON İŞLEMİN TARİH VE ZAMANI
kontrol alanı 20250827002115.0
008 - SABİT-UZUNLUKTA VERİ ÖĞELERİ--GENEL BİLGİ
sabit uzunluktaki kontrol alanı 250824s9999 xx 000 0 und d
245 #0 - ESER / YAZAR
ESER ADI NEDEN BU KADAR YETENEKSİZ ERKEK LİDER OLUYOR
Yazar Adı TOMAS CHAMORRO
260 ## - YAYIN, DAĞITIM, VB.
YAYIN EVİ ORENDA YAYINLARI
Holdings
Düşüm durumu Kayıp durumu Hasar Durumu Ödünç verilmez Ana kütüphane Geçerli Kütüphane Edinilen tarih Toplam ödünç verme sayısı Barkod Son görüntüleme tarihi Fiyatın geçerli olmaya başladığı tarih Koha materyal türü
        MAHMUT SAMİ RAMAZANOĞLU A.İ.H.L-2 MAHMUT SAMİ RAMAZANOĞLU A.İ.H.L-2 24.08.2025   10826611 27.08.2025 27.08.2025 Books